| 000 | 01445nam a2200361 a 4500 | ||
|---|---|---|---|
| 001 | |||
| 003 | DO-SdBNP | ||
| 005 | 20240221095206.0 | ||
| 008 | 130405s2009 dr r 001 i spa d | ||
| 020 | _a9789945020632 (v.1) | ||
| 020 | _a9789945020649 (v.2) | ||
| 040 |
_aDO-SdBNP _bspa _cBPMSU |
||
| 082 |
_aRD868.2 _bC422e 2009 _222 |
||
| 100 | 1 |
_aCestero, Mariano Antonio, _d1837-1909 |
|
| 245 | 1 | 0 |
_aEscritos / _cMariano A. Cestero ; editor Andrés Blanco Diaz. |
| 260 |
_aSanto Domingo : _bArchivo General de la Nación, _c2009. |
||
| 300 |
_a2 v. ; _c24 cm. |
||
| 490 | 0 |
_aArchivo General de la Nación _v75-76 |
|
| 500 | _aIncluye índice onomástico. | ||
| 500 | _aIncluye datos biográficos del autor en la solapa de la cubierta. | ||
| 500 | _aIncluye cronología de Mariano A. Cestero: p.21-32. | ||
| 504 | _aIncluye bibliografía y notas al pie de páginas. | ||
| 505 | 0 |
_gv. 1-. Cartas insurgentes y otras misivas -- _gv. 2-. Artículos y ensayos. |
|
| 590 | _aInventariado, 2024/VM | ||
| 600 | 1 | 4 |
_aCestero,Mariano Antonio, _d1837-1910 _vCorrespondencia, memorias, |
| 650 | 4 | _aEnsayos dominicanos | |
| 650 | 4 |
_a Literatura dominicana _vColecciones de escritos |
|
| 651 | 4 |
_aRepública Dominicana _xHistoria _xCorrespondencia, memorias, etc. |
|
| 700 | 1 |
_aBlanco Díaz, Andrés _eed. |
|
| 710 | 2 | _aArchivo General de la Nación (República Dominicana) | |
| 910 | _aVmateo V. Control de calidad. BPMSU | ||
| 942 |
_2ddc _cBK |
||
| 999 |
_c13827 _d13827 |
||